00717nam a2200181 a 450000100100000000500170001000800410002704000250006824500650009326000490015830000200020749000320022783000390025904900090029895201050030795201060041299900170051800003308620200930070023.0110817s1931 dr 000 0 spa d aDO-SdBNPbspacBNPHU00aFrente a la constitución ilegal de la gran logia nacional. aSanto Domingo :bJ. R. Vda. García,c1931. a46 p. ;c21 cm.1 aRespetable logía La Fev7 0aRespetable logía La Fen7958767 aBNPD 0010718PDaPDbPDcCTd2011-08-17iLF1l0o p33086-10r2020-06-25w2020-06-25yLFPDZNo se presta 00107-18PDaPDbPDcOId2011-08-17iLF1l0o p33087-10r2020-06-25w2020-06-25yLFPDZNo se presta c32577d32577